000
00316nam a2200109Ia 4500
008
171211s9999 xx 000 0 und d
245
_a
Complete Idiot's Guide to Drawing
245
_c
Lauren Jarrett and Lisa Lenard
260
_c
2000
650
_x
Drawing
856
_u
http://down.ebook777.com/004/978-0028639369.pdf
999
_c
348034
_d
348034